Shluková analýza v problematice daní
Možnosti využitia zhlukovej analýzy na súbory dát z oblasti daní k ich medzinárodnému porovnaniu.
Gespeichert in:
| 1. Verfasser: | |
|---|---|
| Format: | Buchkapitel |
| Sprache: | Tschechisch |
| Schlagworte: | |
| Tags: |
Keine Tags, Fügen Sie das erste Tag hinzu!
|
MARC
| LEADER | 00000naa a2200000 4500 | ||
|---|---|---|---|
| 001 | 0207304 | ||
| 005 | 20231116110913.0 | ||
| 041 | 0 | |a cze | |
| 044 | |a CZ | ||
| 245 | 1 | 0 | |a Shluková analýza v problematice daní |c Jarmila Rybová |
| 520 | |a Možnosti využitia zhlukovej analýzy na súbory dát z oblasti daní k ich medzinárodnému porovnaniu. | ||
| 610 | 2 | 0 | |a analýza zhluková |
| 610 | 2 | 0 | |a porovnanie medzinárodné |
| 610 | 2 | 0 | |a systémy daňové |
| 610 | 2 | 0 | |a analýza ekonomická |
| 100 | 1 | |a Rybová, Jarmila | |